000 005150000a22001810004500
020 _a84-7645-793-6
041 0 _aSPA
082 0 4 _aG 260 T793i
100 1 _aTrenchard, Ernesto (1902-1972)
245 1 0 _aLa iglesia de Dios y su misión : Una antología eclesiológica / Ernesto Trenchard
260 _aTerrassa, Barcelona, España : CLIE
300 _a336 Pag
001 6701
942 _cBK
999 _c36968
_d36968
336 _atexto
_btxt
_2rdacontent
337 _2rdamedia
_asin mediación
_bn
338 _2rdacarrier
_avolumen
_bnc